Niezapomniane Jedenastki #14: Inter 2009/10 - Statystyki

Ogólne statystyki
  • Ten quiz został rozwiązany 85 razy
  • Średni wynik to 7 z 11
Statystyki odpowiedzi
Pozycja Kraj Zawodnik % Poprawnych
N Kamerun Samuel Eto'o
96%
BR Brazylia Julio Cesar
87%
ŚPO Holandia Wesley Sneijder
84%
N Argentyna Diego Milito
81%
PO Brazylia Maicon
74%
ŚO Brazylia Lucio
61%
ŚPD Argentyna Javier Zanetti
60%
LO Rumunia Cristian Chivu
56%
ŚO Argentyna Walter Samuel
56%
ŚP Serbia Dejan Stankovic
53%
ŚP Włochy Thiago Motta
16%
Nie znaleziono quizów pasujących do podanych kryteriów
Rozkład punktacji
Procent ludzi z każdym wynikiem
Percentyl według liczby udzielonych odpowiedzi
Twoja historia wyników
Nie rozwiązałeś tego quizu